Bách gia chư tử giản thuật /
সংরক্ষণ করুন:
| প্রধান লেখক: | |
|---|---|
| অন্যান্য লেখক: | |
| বিন্যাস: | Sách giấy |
| ভাষা: | Vietnamese |
| প্রকাশিত: |
Hà Nội :
Văn hoá Thông tin,
2000
|
| ট্যাগগুলো: |
ট্যাগ যুক্ত করুন
কোনো ট্যাগ নেই, প্রথমজন হিসাবে ট্যাগ করুন!
|
| Thư viện lưu trữ: | Thư viện Trường Đại học Đà Lạt |
|---|
| LEADER | 00620nam a2200253 4500 | ||
|---|---|---|---|
| 001 | DLU020017568 | ||
| 005 | ##4/2/2001 | ||
| 020 | # | # | |a 978- |
| 041 | # | # | |a vie |
| 082 | # | # | |a 181.11 |b PH-Q |
| 100 | # | # | |a Phạm Quýnh |
| 245 | # | # | |a Bách gia chư tử giản thuật / |c Phạm Quýnh, Nguyễn Quốc Thái |
| 260 | # | # | |a Hà Nội : |b Văn hoá Thông tin, |c 2000 |
| 300 | # | # | |a 720 tr.; |c 21 cm. |
| 700 | # | # | |a Nguyễn Quốc Thái |
| 992 | # | # | |a 63000 |
| 994 | # | # | |a DLU |
| 900 | # | # | |a False |
| 911 | # | # | |a Administrator |
| 925 | # | # | |a G |
| 926 | # | # | |a A |
| 927 | # | # | |a SH |
| 980 | # | # | |a Thư viện Trường Đại học Đà Lạt |